000 01517nam a2200385 a 4500
001 ebr10340766
003 CaPaEBR
006 m u
007 cr cn|||||||||
008 080717s2009 msuaf s s001 0aeng
010 _z 2008031746
015 _aGBA930924
_2bnb
016 7 _z014937955
_2Uk
020 _z9781604731934 (cloth : alk. paper)
020 _z1604731931 (cloth : alk. paper)
020 _z9781604731941 (paper : alk. paper)
020 _z160473194X (paper : alk. paper)
040 _aCaPaEBR
_cCaPaEBR
035 _a(OCoLC)472607663
043 _an-us---
050 1 4 _aTR849.T35
_bA3 2009eb
100 1 _aTakamoto, Iwao.
245 1 0 _aIwao Takamoto
_h[electronic resource] :
_bmy life with a thousand characters /
_cIwao Takamoto ; with Michael Mallory ; foreword by Willie Ito.
260 _aJackson :
_bUniversity Press of Mississippi,
_cc2009.
300 _axi, 206 p., [24] p. of plates :
_bill. (some col.).
500 _aIncludes index.
533 _aElectronic reproduction.
_bPalo Alto, Calif. :
_cebrary,
_d2013.
_nAvailable via World Wide Web.
_nAccess may be limited to ebrary affiliated libraries.
600 1 0 _aTakamoto, Iwao.
650 0 _aAnimators
_zUnited States
_vBiography.
650 0 _aAnimation (Cinematography)
655 7 _aElectronic books.
_2local
700 1 _aMallory, Michael.
710 2 _aebrary, Inc.
856 4 0 _uhttp://site.ebrary.com/lib/rucke/Doc?id=10340766
_zAn electronic book accessible through the World Wide Web; click to view
999 _c156229
_d156229